=LDR 00000nam 2200000 4500 =001 INLIS000000000001669 =005 20130612090054 =008 ***********************************Ind** =035 ##$$0010-061300000001669 =041 ##$$a Ind =082 ##$$a 372.8 =090 ##$$a 372.8, Ahm-p =100 ##$$a AHMADI, H. Abu =245 ##$$a Pendidikan Agama Islam untuk SD, H. Abu Ahmadi, Maksum =260 ##$$a 1994 $b Solo =300 ##$$a ...jil, ilus, 28 cm =650 ##$$a Agama Islam =650 ##$$a Pendidikan dasar (SD) =850 ##$$a NBPNMAT